000
00301nam a2200109Ia 4500
008
190914s9999||||xx |||||||||||||| ||und||
100
_a
Shoqi Abu Khalil
245
0
_a
Atlas-ul-Quran : Muqamat,Aqwam,aur Shakseat Ka Tazkirah
260
_a
Karachi
_b
Idarahai Tableegh
_c
2004
300
_a
675
942
_c
BK
999
_c
9431
_d
9431